Révoltes et révolutions en Europe et aux Amériques : 1773-1802 (notice n° 1568180)

détails MARC
000 -LEADER
fixed length control field 01462cam a2200133 4500500
005 - DATE AND TIME OF LATEST TRANSACTION
control field 20251214004048.0
041 ## - LANGUAGE CODE
Language code of text/sound track or separate title fre
042 ## - AUTHENTICATION CODE
Authentication code dc
100 10 - MAIN ENTRY--PERSONAL NAME
Personal name Calvet, Robert
Relator term author
245 00 - TITLE STATEMENT
Title Révoltes et révolutions en Europe et aux Amériques : 1773-1802
260 ## - PUBLICATION, DISTRIBUTION, ETC.
Name of publisher, distributor, etc. Armand Colin,<br/>
Date of publication, distribution, etc. 2004.<br/>
520 ## - SUMMARY, ETC.
Summary, etc. Traiter des révoltes et des révolutions de la fin du 18e siècle, tant en Europe que dans les Amériques, implique de s’intéresser à des espaces nombreux et disparates, des pays ayant déjà connu une certaine modernité, des sociétés bloquées, des espaces coloniaux marqués par la mainmise de la métropole. D’où des réalités très variées et des revendications très diverses.Compte tenu de cette diversité, une première approche selon plusieurs ensembles géographiques plus ou moins vastes sera nécessaire afin d’aborder chaque cas dans ses particularités, avant d’entamer une seconde réflexion, plus thématique et comparative, entre chaque cas national et les différents groupes sociaux impliqués. Robert Calvet est docteur en histoire et professeur certifié. Sa thèse portait sur l’historiographie comparée de la Révolution française. Il a publié aux éditions Armand Colin dans la collection « Civilisations », Les Japonais (2003) et Les Américains (2004).
856 41 - ELECTRONIC LOCATION AND ACCESS
Uniform Resource Identifier <a href="https://shs.cairn.info/revoltes-et-revolutions-en-europe-et-aux-ameriques--9782200268565?lang=fr&redirect-ssocas=7080">https://shs.cairn.info/revoltes-et-revolutions-en-europe-et-aux-ameriques--9782200268565?lang=fr&redirect-ssocas=7080</a>

Pas d'exemplaire disponible.

PLUDOC

PLUDOC est la plateforme unique et centralisée de gestion des bibliothèques physiques et numériques de Guinée administré par le CEDUST. Elle est la plus grande base de données de ressources documentaires pour les Étudiants, Enseignants chercheurs et Chercheurs de Guinée.

Adresse

627 919 101/664 919 101

25 boulevard du commerce
Kaloum, Conakry, Guinée

Réseaux sociaux

Powered by Netsen Group @ 2025